Judge's list (Record no. 221220)

MARC details
000 -LEADER
fixed length control field 01853nam a22002057a 4500
005 - DATE AND TIME OF LATEST TRANSACTION
control field 20220118124129.0
008 - FIXED-LENGTH DATA ELEMENTS--GENERAL INFORMATION
fixed length control field 220118b ||||| |||| 00| 0 eng d
020 ## - INTERNATIONAL STANDARD BOOK NUMBER
International Standard Book Number 9781529342390
040 ## - CATALOGING SOURCE
Transcribing agency AL
041 ## - LANGUAGE CODE
Language code of text/sound track or separate title eng
082 ## - DEWEY DECIMAL CLASSIFICATION NUMBER
Edition number 23
Classification number 813.6
Item number GRIJ
100 ## - MAIN ENTRY--PERSONAL NAME
Personal name John Grisham
9 (RLIN) 13480
245 ## - TITLE STATEMENT
Title Judge's list
260 ## - PUBLICATION, DISTRIBUTION, ETC.
Place of publication, distribution, etc. London
Name of publisher, distributor, etc. Hodder and Stoughton
Date of publication, distribution, etc. 2021
300 ## - PHYSICAL DESCRIPTION
Extent 357p.
Other physical details PB
Dimensions 22.8X14.5cm.
365 ## - TRADE PRICE
Source of price type code General
Price type code 4477
Price amount ₹545.22
Currency code
Unit of pricing ₹699.00
Price note 22%
Price effective from 18-12-2021
520 ## - SUMMARY, ETC.
Summary, etc. In The Whistler, Lacy Stoltz investigated a corrupt judge who was taking millions in bribes from a crime syndicate. She put the criminals away, but only after being attacked and nearly killed. Three years later, and approaching forty, she is tired of her work for the Florida Board on Judicial Conduct and ready for a change.<br/>Then she meets a mysterious woman who is so frightened she uses a number of aliases. Jeri Crosby's father was murdered twenty years earlier in a case that remains unsolved and that has grown stone cold. But Jeri has a suspect whom she has become obsessed with and has stalked for two decades. Along the way, she has discovered other victims.Suspicions are easy enough, but proof seems impossible. The man is brilliant, patient, and always one step ahead of law enforcement. He is the most cunning of all serial killers. He knows forensics, police procedure, and most important: he knows the law.He is a judge, in Florida - under Lacy's jurisdiction.He has a list, with the names of his victims and targets, all unsuspecting people unlucky enough to have crossed his path and wronged him in some way. How can Lacy pursue him, without becoming the next name on his list?The Judge's List is by any measure John Grisham's most surprising, chilling novel yet.
650 ## - SUBJECT ADDED ENTRY--TOPICAL TERM
Source of heading or term American Literature
Topical term or geographic name entry element American Fiction
9 (RLIN) 13481
942 ## - ADDED ENTRY ELEMENTS (KOHA)
Source of classification or shelving scheme Dewey Decimal Classification
Koha item type Book
Holdings
Withdrawn status Lost status Source of classification or shelving scheme Damaged status Not for loan Collection code Home library Current library Date acquired Source of acquisition Cost, normal purchase price Total Checkouts Full call number Barcode Date last seen Date last checked out Cost, replacement price Price effective from Koha item type
    Dewey Decimal Classification     General St Aloysius PG Library St Aloysius PG Library 12/30/2021 Biblios Book Point 545.22 1 813.6 GRIJ PG023543 01/02/2026 12/19/2025 699.00 01/18/2022 Book